[Event "Northern California op"]
[Site "Fremont"]
[Date "2012.01.07"]
[Round "8"]
[White "Piasetski, Leon"]
[Black "Manvelyan, Hayk"]
[Result "1/2-1/2"]
[WhiteElo "2305"]
[BlackElo "2202"]
[PlyCount "47"]
[GameId "1166655178330112"]
[EventDate "2012.01.02"]
[EventType "swiss"]
[EventRounds "9"]
[EventCountry "USA"]
[SourceTitle "CBM 146 Extra"]
[Source "ChessBase"]
[SourceDate "2012.02.29"]
[SourceVersion "1"]
[SourceVersionDate "2012.02.29"]
[SourceQuality "1"]

1. Nf3 Nf6 2. c4 d6 3. d4 Nbd7 4. Nc3 e5 5. Bg5 Be7 6. e3 c6 7. Qc2 O-O 8. O-O-O Qa5 9. Kb1 Re8 10. Bd3 Nf8 11. dxe5 dxe5 12. Bxf6 Bxf6 13. Ne4 Be7 14. Neg5 g6 15. h4 Bg4 16. Be2 Rad8 17. Ne4 f5 18. Ned2 e4 19. Nb3 Rxd1+ 20. Qxd1 Qc7 21. Nfd4 Bxe2 22. Qxe2 Bf6 23. h5 Qe5 24. c5 1/2-1/2

[Event "Northern California op"]
[Site "Fremont"]
[Date "2012.01.08"]
[Round "9"]
[White "Ni, Viktorija"]
[Black "Piasetski, Leon"]
[Result "1/2-1/2"]
[WhiteElo "2225"]
[BlackElo "2305"]
[PlyCount "97"]
[GameId "1166655178448896"]
[EventDate "2012.01.02"]
[EventType "swiss"]
[EventRounds "9"]
[EventCountry "USA"]
[SourceTitle "CBM 146 Extra"]
[Source "ChessBase"]
[SourceDate "2012.02.29"]
[SourceVersion "1"]
[SourceVersionDate "2012.02.29"]
[SourceQuality "1"]

1. d4 Nf6 2. c4 e6 3. Nc3 d5 4. cxd5 exd5 5. Bg5 Be7 6. Qc2 Nbd7 7. e3 Nf8 8. Bd3 Ne6 9. Bh4 g6 10. Nge2 O-O 11. O-O c6 12. f3 c5 13. Qc1 cxd4 14. exd4 Ng7 15. Re1 Bf5 16. Nf4 Be6 17. Bg5 Qb6 18. Kh1 Qxd4 19. Nb5 Qb6 20. Qc7 Bd8 21. Qxb6 axb6 22. a3 Ng4 23. Bxd8 Nf2+ 24. Kg1 Nxd3 25. Nxd3 Rfxd8 26. Nd4 Rac8 27. Nf4 Rd6 28. Re5 Rc4 29. Rd1 Kf8 30. Kf2 b5 31. b4 Ra6 32. Rd3 Rc1 33. Nxd5 Bd7 34. g4 h6 35. h4 f6 36. Ree3 Rd6 37. Nf4 Kf7 38. Nde6 Rxd3 39. Nd8+ Kg8 40. Rxd3 Rc2+ 41. Kg3 Be8 42. Nxb7 g5 43. hxg5 fxg5 44. Nd5 Ne6 45. Re3 Bf7 46. Nd6 Nd4 47. Nxf7 Kxf7 48. f4 Rd2 49. fxg5 1/2-1/2

[Event "Gibraltar Masters 10th"]
[Site "Caleta"]
[Date "2012.01.25"]
[Round "2"]
[White "Piasetski, Leon"]
[Black "Mihajlov, Svetoslav"]
[Result "1-0"]
[WhiteElo "2305"]
[BlackElo "2101"]
[PlyCount "107"]
[GameId "1166655226228736"]
[EventDate "2012.01.24"]
[EventType "swiss"]
[EventRounds "10"]
[EventCountry "GGB"]
[SourceTitle "CBM 147"]
[Source "ChessBase"]
[SourceDate "2012.03.16"]
[SourceVersion "1"]
[SourceVersionDate "2012.03.16"]
[SourceQuality "1"]

1. c4 e5 2. g3 Nf6 3. Bg2 d5 4. cxd5 Nxd5 5. Nc3 Nb6 6. Nf3 Nc6 7. O-O Be7 8. a3 O-O 9. b4 Be6 10. Rb1 f6 11. d3 a5 12. b5 Nd4 13. Nd2 Nd5 14. Bxd5 Bxd5 15. e3 Be6 16. exd4 Qxd4 17. Nde4 Rfd8 18. Na4 Bc4 19. Be3 Qxd3 20. Qg4 Qe2 21. Qf5 Qa2 22. Ra1 Be6 23. Rxa2 Bxf5 24. Nac3 Rd3 25. Rc1 Bxa3 26. Nxf6+ gxf6 27. Rxa3 Bh3 28. Nb1 Rad8 29. Rxd3 Rxd3 30. Nd2 Ra3 31. Ne4 Kf7 32. Rxc7+ Kg6 33. Rc1 Rb3 34. b6 a4 35. Nc5 Rxb6 36. Nxa4 Rb4 37. Nc3 Rb3 38. Bd2 Rb2 39. Be1 Bf5 40. Nd1 Rb3 41. Ne3 Be4 42. Bd2 b5 43. Kf1 Bf3 44. Ke1 h5 45. h4 f5 46. Rc5 Rb1+ 47. Bc1 b4 48. Kd2 b3 49. Nc4 Kf6 50. Bb2 Be4 51. Bxe5+ Ke6 52. Bd4 Bd5 53. Ne3 b2 54. Rb5 1-0

[Event "Metz op 30th"]
[Site "Metz"]
[Date "2012.04.23"]
[Round "1"]
[White "Piasetski, Leon"]
[Black "Sanikidze, Tornike"]
[Result "0-1"]
[WhiteElo "2289"]
[BlackElo "2549"]
[PlyCount "64"]
[GameId "1165543575351296"]
[EventDate "2012.04.14"]
[EventType "swiss"]
[EventRounds "9"]
[EventCountry "FRA"]
[SourceTitle "EXT 2013"]
[Source "ChessBase"]
[SourceDate "2012.11.22"]
[SourceVersion "1"]
[SourceVersionDate "2012.11.22"]
[SourceQuality "1"]

1. c4 e6 2. Nf3 Nf6 3. g3 d5 4. Bg2 Be7 5. O-O O-O 6. d4 dxc4 7. Qa4 a6 8. Qxc4 b5 9. Qc2 Bb7 10. Bd2 Be4 11. Qc1 Nc6 12. e3 b4 13. Qc4 Na5 14. Qe2 c5 15. Rc1 c4 16. Be1 Nd5 17. Qd1 Rb8 18. Nbd2 c3 19. bxc3 Nxc3 20. Rxc3 Bxf3 21. Nxf3 bxc3 22. Bxc3 Rc8 23. Be1 Nc4 24. Bf1 Qd5 25. Nd2 Nxd2 26. Qxd2 Qd6 27. Qa5 Rc6 28. a3 Rfc8 29. Bb4 Qd7 30. Be2 Bd8 31. Qe5 a5 32. Bc5 Bf6 {Une triple menace!} 0-1

[Event "Metz op 30th"]
[Site "Metz"]
[Date "2012.04.23"]
[Round "2"]
[White "Gorse, Gerard"]
[Black "Piasetski, Leon"]
[Result "0-1"]
[WhiteElo "2065"]
[BlackElo "2289"]
[PlyCount "62"]
[GameId "1165543575400448"]
[EventDate "2012.04.14"]
[EventType "swiss"]
[EventRounds "9"]
[EventCountry "FRA"]
[SourceTitle "EXT 2013"]
[Source "ChessBase"]
[SourceDate "2012.11.22"]
[SourceVersion "1"]
[SourceVersionDate "2012.11.22"]
[SourceQuality "1"]

1. c4 e6 2. g3 d5 3. Bg2 Nf6 4. Nf3 dxc4 5. Na3 Bxa3 6. bxa3 O-O 7. Bb2 c6 8. Ne5 b5 9. Nxc6 Nxc6 10. Bxc6 Rb8 11. O-O Bd7 12. Bxd7 Qxd7 13. Qc2 Qd5 14. Bxf6 gxf6 15. Rfd1 Rfc8 16. Rab1 Rc5 17. Qc3 Qe5 18. Qxe5 fxe5 19. Rdc1 e4 20. Rb2 Rb7 21. Kf1 Kf8 22. Rc3 Ke7 23. Re3 f5 24. g4 Kf6 25. gxf5 exf5 26. f3 Ke5 27. fxe4 fxe4 28. Rg3 Rd5 29. Kg2 Kd4 30. a4 a6 31. axb5 axb5 0-1

[Event "Metz op 30th"]
[Site "Metz"]
[Date "2012.04.23"]
[Round "3"]
[White "Piasetski, Leon"]
[Black "Romanishin, Oleg M"]
[Result "1/2-1/2"]
[WhiteElo "2289"]
[BlackElo "2541"]
[PlyCount "38"]
[GameId "1165543575531520"]
[EventDate "2012.04.14"]
[EventType "swiss"]
[EventRounds "9"]
[EventCountry "FRA"]
[SourceTitle "EXT 2013"]
[Source "ChessBase"]
[SourceDate "2012.11.22"]
[SourceVersion "1"]
[SourceVersionDate "2012.11.22"]
[SourceQuality "1"]

1. d4 Nf6 2. Nf3 e6 3. c4 b6 4. e3 Bb7 5. Bd3 Bb4+ 6. Nbd2 O-O 7. O-O c5 8. a3 Bxd2 9. Bxd2 d6 10. Bc3 Nbd7 11. Nd2 Rc8 12. Rc1 d5 13. b3 Qe7 14. Bb2 Rfd8 15. f4 cxd4 16. exd4 dxc4 17. bxc4 Nc5 18. Bb1 Nce4 19. Re1 Nxd2 1/2-1/2

[Event "Lille Luce op 3rd"]
[Site "Lille"]
[Date "2012.04.25"]
[Round "4"]
[White "Piasetski, Leon"]
[Black "Flear, Glenn C"]
[Result "0-1"]
[WhiteElo "2287"]
[BlackElo "2459"]
[PlyCount "66"]
[GameId "1166655484817408"]
[EventDate "2012.04.23"]
[EventType "swiss"]
[EventRounds "8"]
[EventCountry "FRA"]
[SourceTitle "CBM 148 Extra"]
[Source "ChessBase"]
[SourceDate "2012.06.22"]
[SourceVersion "1"]
[SourceVersionDate "2012.06.22"]
[SourceQuality "1"]

1. Nf3 d5 2. d4 Nf6 3. c4 c6 4. e3 Bg4 5. Nc3 e6 6. Qb3 Qb6 7. Nh4 Nbd7 8. h3 Bh5 9. g4 Bg6 10. Nxg6 hxg6 11. Be2 Be7 12. Bd2 g5 13. O-O-O O-O-O 14. Qc2 dxc4 15. Bxc4 Rh6 16. Ne4 Nxe4 17. Qxe4 Rdh8 18. Bf1 Bb4 19. Qc2 Rf6 20. Bxb4 Qxb4 21. Bg2 Nb6 22. Rhe1 Kb8 23. Kb1 Nc4 24. Ka1 Qxb2+ 25. Qxb2 Nxb2 26. Rb1 Na4 27. Bxc6 Nb6 28. Be4 Rxf2 29. Rf1 Rxf1 30. Rxf1 f6 31. Bg2 Rc8 32. Rb1 Rc2 33. Be4 Re2 0-1

[Event "Rohde op 12th"]
[Site "Sautron"]
[Date "2012.11.??"]
[Round "2"]
[White "Mauffrey, Hugues"]
[Black "Piasetski, Leon"]
[Result "0-1"]
[WhiteElo "1913"]
[BlackElo "2298"]
[PlyCount "68"]
[GameId "1165543658016768"]
[EventDate "2012.10.27"]
[EventType "swiss"]
[EventRounds "9"]
[EventCountry "FRA"]
[SourceTitle "EXT 2014"]
[Source "ChessBase"]
[SourceDate "2013.11.20"]
[SourceVersion "1"]
[SourceVersionDate "2013.11.20"]
[SourceQuality "1"]

1. e4 c5 2. Nf3 e6 3. d4 cxd4 4. Nxd4 a6 5. Nc3 b5 6. Bd3 Bc5 7. Nb3 Be7 8. O-O Nc6 9. Be3 Nf6 10. f4 d6 11. Qe2 Qc7 12. Rad1 h5 13. f5 Ne5 14. fxe6 fxe6 15. Nd4 Nfg4 16. h3 Nxe3 17. Qxe3 Qc5 18. Rfe1 Bg5 19. Qf2 Rf8 20. Nf3 Qxf2+ 21. Kxf2 Bh4+ 22. Ke2 Bxe1 23. Nxe1 Bd7 24. Nf3 Ke7 25. Nxe5 dxe5 26. Ke3 Rac8 27. a3 Rf6 28. Rf1 Rcf8 29. Rxf6 gxf6 30. Be2 h4 31. Nb1 Rg8 32. Kf2 a5 33. c4 Rb8 34. c5 b4 0-1

[Event "Rohde op 12th"]
[Site "Sautron"]
[Date "2012.10.29"]
[Round "3"]
[White "Piasetski, Leon"]
[Black "Primel, Dominique"]
[Result "1-0"]
[WhiteElo "2298"]
[BlackElo "1990"]
[PlyCount "65"]
[GameId "1165543658090496"]
[EventDate "2012.10.27"]
[EventType "swiss"]
[EventRounds "9"]
[EventCountry "FRA"]
[SourceTitle "EXT 2014"]
[Source "ChessBase"]
[SourceDate "2013.11.20"]
[SourceVersion "1"]
[SourceVersionDate "2013.11.20"]
[SourceQuality "1"]

1. Nf3 c5 2. c4 Nc6 3. Nc3 g6 4. e3 Bg7 5. d4 d6 6. d5 Ne5 7. Nd2 Nf6 8. f4 Ned7 9. Be2 a6 10. a4 b6 11. O-O O-O 12. Bf3 Bb7 13. Qc2 Qc7 14. b3 e6 15. Bb2 exd5 16. cxd5 Rfe8 17. e4 Rab8 18. g4 h6 19. h4 g5 20. hxg5 hxg5 21. e5 dxe5 22. fxg5 e4 23. Ndxe4 Nxd5 24. Nxd5 Bxd5 25. Bxg7 Bxe4 26. Bxe4 Qg3+ 27. Bg2 Kxg7 28. Qf5 Ne5 29. Rae1 Qxg4 30. Qf6+ Kg8 31. Re4 Nf3+ 32. Qxf3 Rxe4 33. Qxe4 1-0

[Event "Rohde op 12th"]
[Site "Sautron"]
[Date "2012.11.??"]
[Round "5"]
[White "Piasetski, Leon"]
[Black "Savalle, Alexandre"]
[Result "1/2-1/2"]
[WhiteElo "2298"]
[BlackElo "1955"]
[PlyCount "74"]
[GameId "1165543658479616"]
[EventDate "2012.10.27"]
[EventType "swiss"]
[EventRounds "9"]
[EventCountry "FRA"]
[SourceTitle "EXT 2014"]
[Source "ChessBase"]
[SourceDate "2013.11.20"]
[SourceVersion "1"]
[SourceVersionDate "2013.11.20"]
[SourceQuality "1"]

1. Nf3 Nf6 2. c4 g6 3. Nc3 d5 4. cxd5 Nxd5 5. Qb3 Nb6 6. d4 Bg7 7. Bf4 O-O 8. e3 Be6 9. Qc2 Nc6 10. a3 h6 11. h3 Na5 12. Bd3 Rc8 13. b4 Nc6 14. Ne4 Nd5 15. Bh2 Bf5 16. O-O Re8 17. Rfd1 e5 18. dxe5 Nxe5 19. Nxe5 Bxe5 20. Bxe5 Rxe5 21. Nc5 Bxd3 22. Nxd3 Rg5 23. Nf4 Qf6 24. Nxd5 Rxd5 25. Rxd5 Qxa1+ 26. Rd1 Qe5 27. Qa4 a6 28. Qd7 Re8 29. Rc1 Re7 30. Qc8+ Kg7 31. Qxb7 Qb2 32. Rc6 a5 33. Rc5 a4 34. Qd5 Qxa3 35. Qd4+ Kh7 36. Qf6 Rd7 37. Ra5 Qxb4 1/2-1/2

[Event "Rohde op 12th"]
[Site "Sautron"]
[Date "2012.11.??"]
[Round "6"]
[White "Deltour, Quentin"]
[Black "Piasetski, Leon"]
[Result "0-1"]
[WhiteElo "1732"]
[BlackElo "2298"]
[PlyCount "78"]
[GameId "1165543658553344"]
[EventDate "2012.10.27"]
[EventType "swiss"]
[EventRounds "9"]
[EventCountry "FRA"]
[SourceTitle "EXT 2014"]
[Source "ChessBase"]
[SourceDate "2013.11.20"]
[SourceVersion "1"]
[SourceVersionDate "2013.11.20"]
[SourceQuality "1"]

1. e4 c5 2. Nf3 e6 3. d4 cxd4 4. Nxd4 a6 5. Bd3 Qc7 6. O-O Nf6 7. Qe2 d6 8. c4 g6 9. Nc3 Bg7 10. Be3 O-O 11. f4 e5 12. Nc2 exf4 13. Bxf4 Bg4 14. Qf2 Nbd7 15. Ne3 Be6 16. Be2 Ne5 17. Bxe5 dxe5 18. Ned5 Bxd5 19. exd5 Nd7 20. Ne4 f5 21. Ng5 Bh6 22. h4 Qb6 23. Kh1 a5 24. Qg3 Nc5 25. Qe3 Rac8 26. b3 Qf6 27. Qd2 Ne4 28. Qe1 Bxg5 29. hxg5 Qxg5 30. Rf3 f4 31. Rh3 Ng3+ 32. Kh2 e4 33. Rd1 b6 34. Rxg3 fxg3+ 35. Qxg3 Qxg3+ 36. Kxg3 h5 37. Rd4 Rce8 38. c5 bxc5 39. Ra4 e3 0-1

[Event "Rohde op 12th"]
[Site "Sautron"]
[Date "2012.11.??"]
[Round "7"]
[White "Piasetski, Leon"]
[Black "Jourdren, Kevin"]
[Result "1/2-1/2"]
[WhiteElo "2298"]
[BlackElo "1781"]
[PlyCount "66"]
[GameId "1165543658749952"]
[EventDate "2012.10.27"]
[EventType "swiss"]
[EventRounds "9"]
[EventCountry "FRA"]
[SourceTitle "EXT 2014"]
[Source "ChessBase"]
[SourceDate "2013.11.20"]
[SourceVersion "1"]
[SourceVersionDate "2013.11.20"]
[SourceQuality "1"]

1. Nf3 d5 2. d4 Nf6 3. c4 e6 4. Nc3 c6 5. e3 Bd6 6. Qc2 Nbd7 7. g4 Nxg4 8. Rg1 f5 9. h3 Ngf6 10. Rxg7 Rg8 11. Rxg8+ Nxg8 12. Bd2 Ndf6 13. O-O-O Ne4 14. Nxe4 fxe4 15. Ne5 Bxe5 16. dxe5 Qh4 17. Bb4 Ne7 18. Bd6 Bd7 19. c5 b5 20. Qd2 a5 21. a3 Nf5 22. Kb1 Kf7 23. Be2 a4 24. Rg1 Rg8 25. Rxg8 Kxg8 26. Qa5 Be8 27. Qa8 Ng7 28. Ka2 Qxf2 29. Bh5 Qxe3 30. Qd8 Qb3+ 31. Ka1 Qxh3 32. Bf7+ Kh8 33. Bxe8 Qf1+ 1/2-1/2

[Event "Rohde op 12th"]
[Site "Sautron"]
[Date "2012.11.??"]
[Round "8"]
[White "Davy, Bruno"]
[Black "Piasetski, Leon"]
[Result "0-1"]
[WhiteElo "1862"]
[BlackElo "2298"]
[PlyCount "48"]
[GameId "1165543658823680"]
[EventDate "2012.10.27"]
[EventType "swiss"]
[EventRounds "9"]
[EventCountry "FRA"]
[SourceTitle "EXT 2014"]
[Source "ChessBase"]
[SourceDate "2013.11.20"]
[SourceVersion "1"]
[SourceVersionDate "2013.11.20"]
[SourceQuality "1"]

1. e4 c5 2. Nc3 e6 3. g3 Nc6 4. Bg2 Nf6 5. d3 Be7 6. Nge2 O-O 7. O-O d6 8. d4 cxd4 9. Nxd4 Bd7 10. Ndb5 Qb8 11. a4 Rc8 12. f4 a6 13. Na3 Qa7+ 14. Kh1 Qc5 15. Re1 Nb4 16. Be3 Qc7 17. a5 Bc6 18. Nc4 Nxe4 19. Nb6 Nxc3 20. bxc3 Bxg2+ 21. Kxg2 Qxc3 22. Nxc8 Rxc8 23. Bd4 Qxc2+ 24. Qxc2 Nxc2 0-1

[Event "Rohde op 12th"]
[Site "Sautron"]
[Date "2012.11.??"]
[Round "9"]
[White "Piasetski, Leon"]
[Black "Sarrazin, Christian"]
[Result "1-0"]
[WhiteElo "2298"]
[BlackElo "1993"]
[PlyCount "73"]
[GameId "1165543659073536"]
[EventDate "2012.10.27"]
[EventType "swiss"]
[EventRounds "9"]
[EventCountry "FRA"]
[SourceTitle "EXT 2014"]
[Source "ChessBase"]
[SourceDate "2013.11.20"]
[SourceVersion "1"]
[SourceVersionDate "2013.11.20"]
[SourceQuality "1"]

1. c4 c5 2. Nf3 Nf6 3. Nc3 Nc6 4. d4 cxd4 5. Nxd4 g6 6. e4 d6 7. Be2 Bg7 8. Be3 Bd7 9. Nb3 Na5 10. Nd2 Nc6 11. O-O O-O 12. Rc1 Ne8 13. Nb3 f5 14. exf5 Bxf5 15. Qd2 Rc8 16. Rfd1 b6 17. c5 bxc5 18. Ba6 Ne5 19. Bxc8 Qxc8 20. Nd5 Qb7 21. Bh6 Nd3 22. Bxg7 Nxg7 23. Ne3 Nxc1 24. Rxc1 Be6 25. Na5 Qe4 26. a3 Nf5 27. Nxf5 Qxf5 28. Nc6 Qf6 29. Nxa7 Bd7 30. b4 cxb4 31. axb4 Rb8 32. h3 Kg7 33. Rc7 Bf5 34. Nc6 Re8 35. Qe3 Kf8 36. b5 Qb2 37. b6 1-0

[Event "Wch Seniors 22nd"]
[Site "Kamena Vourla"]
[Date "2012.11.13"]
[Round "1"]
[White "Belokopyt, Boris Khaimovich"]
[Black "Piasetski, Leon"]
[Result "1/2-1/2"]
[WhiteElo "1962"]
[BlackElo "2298"]
[PlyCount "92"]
[GameId "1166656391659520"]
[EventDate "2012.11.13"]
[EventType "swiss"]
[EventRounds "11"]
[EventCountry "GRE"]
[SourceTitle "CBM 151 Extra"]
[Source "ChessBase"]
[SourceDate "2012.12.18"]
[SourceVersion "1"]
[SourceVersionDate "2012.12.18"]
[SourceQuality "1"]

1. Nf3 b6 2. d4 Bb7 3. c4 e6 4. Nc3 Bb4 5. a3 Bxc3+ 6. bxc3 d6 7. g3 Nf6 8. Bg2 O-O 9. O-O Qe7 10. a4 Nbd7 11. Re1 a5 12. Nd2 Bxg2 13. Kxg2 e5 14. e4 c5 15. Nf3 Rfe8 16. Qc2 Kh8 17. Rb1 g6 18. Bg5 Rac8 19. dxe5 dxe5 20. Rbd1 Rc6 21. Rd2 Rd6 22. Red1 Rxd2 23. Rxd2 Qe6 24. Qd1 Kg7 25. Rd6 Qxc4 26. Rxd7 Nxd7 27. Qxd7 Re6 28. Qd5 Qxc3 29. Bd2 Qb2 30. Qd3 c4 31. Qxc4 Qa3 32. Bc3 Qe7 33. Nxe5 f6 34. Ng4 h5 35. Nxf6 Rxf6 36. Qd5 Kh6 37. Bxf6 Qxf6 38. e5 Qf5 39. h4 Kg7 40. Qb7+ Kh6 41. Qb8 Kg7 42. Qe8 Qe4+ 43. Kg1 Qe1+ 44. Kg2 Qe4+ 45. Kh2 Qf5 46. Kg2 Qe4+ 1/2-1/2

[Event "Wch Seniors 22nd"]
[Site "Kamena Vourla"]
[Date "2012.11.15"]
[Round "3"]
[White "Gamboa Gonzalez, Anibal"]
[Black "Piasetski, Leon"]
[Result "1/2-1/2"]
[WhiteElo "2174"]
[BlackElo "2298"]
[PlyCount "47"]
[GameId "1166656392142848"]
[EventDate "2012.11.13"]
[EventType "swiss"]
[EventRounds "11"]
[EventCountry "GRE"]
[SourceTitle "CBM 151 Extra"]
[Source "ChessBase"]
[SourceDate "2012.12.18"]
[SourceVersion "1"]
[SourceVersionDate "2012.12.18"]
[SourceQuality "1"]

1. b3 e5 2. Bb2 Nc6 3. e3 Nf6 4. d4 Bb4+ 5. c3 Bd6 6. Nd2 exd4 7. cxd4 O-O 8. Bd3 Re8 9. Ngf3 Bb4 10. O-O d5 11. a3 Bd6 12. Qc2 Qe7 13. b4 Ne4 14. h3 Nd8 15. Ne5 Nxd2 16. Qxd2 f6 17. Nf3 Qf7 18. Nh2 Ne6 19. f4 Nf8 20. Rae1 Bd7 21. Ng4 Re7 22. Ne5 Qe8 23. Nxd7 Nxd7 24. Qf2 1/2-1/2

[Event "Wch Seniors 22nd"]
[Site "Kamena Vourla"]
[Date "2012.11.24"]
[Round "11"]
[White "Zhelnin, Vladimir V"]
[Black "Piasetski, Leon"]
[Result "0-1"]
[WhiteElo "2459"]
[BlackElo "2298"]
[PlyCount "88"]
[GameId "1166656394002432"]
[EventDate "2012.11.13"]
[EventType "swiss"]
[EventRounds "11"]
[EventCountry "GRE"]
[SourceTitle "CBM 151 Extra"]
[Source "ChessBase"]
[SourceDate "2012.12.18"]
[SourceVersion "1"]
[SourceVersionDate "2012.12.18"]
[SourceQuality "1"]

1. e4 c5 2. Nc3 a6 3. g3 b5 4. Bg2 Bb7 5. Nge2 e6 6. O-O Nf6 7. d3 d5 8. exd5 Nxd5 9. Ne4 Be7 10. c4 Nb4 11. d4 cxd4 12. Nxd4 bxc4 13. Be3 Bd5 14. Nc3 Bxg2 15. Kxg2 O-O 16. Qf3 Nd7 17. Rfd1 Qc8 18. Rac1 Ne5 19. Qe2 Qb7+ 20. f3 Ned3 21. Rb1 Nd5 22. Ne4 f5 23. Nd2 e5 24. Ne6 Rf6 25. Nxc4 N3b4 26. Ng5 Qb5 27. Rdc1 Nxa2 28. Re1 Rc6 29. Nxe5 Qxe2+ 30. Rxe2 Nxe3+ 31. Rxe3 Rc2+ 32. Kh3 Bxg5 33. Ra3 Nc1 34. b4 Be7 35. Ra5 Rd8 36. Rxa6 Rdd2 37. Ra8+ Bd8 38. g4 g5 39. Rxd8+ Rxd8 40. gxf5 h5 41. b5 Rdd2 42. Ng4 hxg4+ 43. Kxg4 Rg2+ 44. Kh5 Kg7 0-1

[Event "Groningen op-A 50th"]
[Site "Groningen"]
[Date "2012.12.24"]
[Round "4"]
[White "Piasetski, Leon"]
[Black "Brunello, Sabino"]
[Result "1-0"]
[WhiteElo "2310"]
[BlackElo "2583"]
[PlyCount "113"]
[GameId "1166656475197440"]
[EventDate "2012.12.21"]
[EventType "swiss"]
[EventRounds "9"]
[EventCountry "NED"]
[SourceTitle "CBM 152 Extra"]
[Source "ChessBase"]
[SourceDate "2013.02.25"]
[SourceVersion "1"]
[SourceVersionDate "2013.02.25"]
[SourceQuality "1"]

1. Nf3 Nf6 2. c4 g6 3. Nc3 Bg7 4. e4 c5 5. d4 cxd4 6. Nxd4 d6 7. f3 Nc6 8. Be3 O-O 9. Qd2 Bd7 10. Be2 Rc8 11. O-O Ne5 12. b3 Ne8 13. Rad1 f5 14. exf5 gxf5 15. Nd5 Ng6 16. Bg5 Nc7 17. Nf4 Nxf4 18. Qxf4 Rf7 19. Bh4 Qf8 20. Qd2 f4 21. Rfe1 Be5 22. Bf1 Qh6 23. Bf2 Qh5 24. Nc2 Rf6 25. Rxe5 Qxe5 26. Bd4 Qg5 27. Bxf6 Qxf6 28. Nb4 Kg7 29. Re1 b6 30. Kh1 Be8 31. Re4 e5 32. Re1 Bf7 33. Rd1 a5 34. Nd3 Ne6 35. Nf2 Nd4 36. Ne4 Qe6 37. Nc3 Qh6 38. Bd3 Kf8 39. Ne2 Ne6 40. Bf5 Rd8 41. Bxe6 Qxe6 42. Nc3 Qc8 43. Qf2 Qc5 44. Qh4 Rd7 45. Qxh7 Qf2 46. Qh6+ Ke7 47. Qg5+ Kf8 48. Ne4 Qxa2 49. Qh6+ Ke7 50. Qf6+ Kf8 51. h3 Qxb3 52. Rxd6 Rxd6 53. Qxd6+ Kg8 54. Nf6+ Kg7 55. Qxe5 Qxc4 56. Nd7+ Kh7 57. Qg5 1-0

[Event "Groningen op-A 50th"]
[Site "Groningen"]
[Date "2012.12.26"]
[Round "5"]
[White "Bok, Benjamin"]
[Black "Piasetski, Leon"]
[Result "1-0"]
[WhiteElo "2522"]
[BlackElo "2310"]
[PlyCount "81"]
[GameId "1166656475267072"]
[EventDate "2012.12.21"]
[EventType "swiss"]
[EventRounds "9"]
[EventCountry "NED"]
[SourceTitle "CBM 152 Extra"]
[Source "ChessBase"]
[SourceDate "2013.02.25"]
[SourceVersion "1"]
[SourceVersionDate "2013.02.25"]
[SourceQuality "1"]

1. e4 c5 2. Nf3 e6 3. g3 d5 4. exd5 exd5 5. d4 Nc6 6. Bg2 Bg4 7. c3 cxd4 8. cxd4 Bb4+ 9. Nc3 Qa5 10. O-O Nge7 11. Ne2 Ng6 12. a3 O-O 13. Be3 Be7 14. Nc3 Bf6 15. h3 Be6 16. Nh2 Qd8 17. h4 Qd7 18. Bf3 Bd8 19. h5 Nge7 20. h6 g6 21. Ng4 Nf5 22. Re1 f6 23. Kg2 Kh8 24. Na4 b6 25. Rc1 Rc8 26. Nc3 Be7 27. b4 g5 28. Rc2 Nd8 29. Bc1 Rc4 30. Ne3 Rxd4 31. Qe2 Nc6 32. Nb5 Nxe3+ 33. Qxe3 Re4 34. Bxe4 dxe4 35. Rd2 Bh3+ 36. Kg1 Qf5 37. Nd4 Nxd4 38. Rxd4 Rg8 39. Qxe4 Bf8 40. Qxf5 Bxf5 41. Bb2 1-0

[Event "Groningen op-A 50th"]
[Site "Groningen"]
[Date "2012.12.28"]
[Round "7"]
[White "Piasetski, Leon"]
[Black "Basencyan, Mark"]
[Result "0-1"]
[WhiteElo "2310"]
[BlackElo "2112"]
[PlyCount "68"]
[GameId "1166656475619328"]
[EventDate "2012.12.21"]
[EventType "swiss"]
[EventRounds "9"]
[EventCountry "NED"]
[SourceTitle "CBM 152 Extra"]
[Source "ChessBase"]
[SourceDate "2013.02.25"]
[SourceVersion "1"]
[SourceVersionDate "2013.02.25"]
[SourceQuality "1"]

1. Nf3 d5 2. c4 c6 3. e3 Nf6 4. b3 e6 5. Bb2 Nbd7 6. Qc2 Bd6 7. Nc3 a6 8. g4 Nxg4 9. Rg1 Nge5 10. Nxe5 Bxe5 11. d4 Bf6 12. O-O-O b5 13. f4 Bb7 14. e4 b4 15. Ne2 dxe4 16. Ng3 c5 17. Nxe4 Bxe4 18. Qxe4 O-O 19. Bd3 g6 20. Bc2 Qe7 21. dxc5 Nxc5 22. Bxf6 Qxf6 23. Qe3 Rfc8 24. Rg5 Qa1+ 25. Bb1 Na4 26. bxa4 Rxc4+ 27. Kd2 Rc3 28. Qd4 Qb2+ 29. Ke1 Qxh2 30. Qf2 Qh3 31. Re5 Rf3 32. Qe2 Rxf4 33. Rc1 Rd8 34. Qe3 Rf1+ 0-1

[Event "Groningen op-A 50th"]
[Site "Groningen"]
[Date "2012.12.29"]
[Round "8"]
[White "Piasetski, Leon"]
[Black "Jacobs, Florian"]
[Result "0-1"]
[WhiteElo "2310"]
[BlackElo "2151"]
[PlyCount "72"]
[GameId "1166656475766784"]
[EventDate "2012.12.21"]
[EventType "swiss"]
[EventRounds "9"]
[EventCountry "NED"]
[SourceTitle "CBM 152 Extra"]
[Source "ChessBase"]
[SourceDate "2013.02.25"]
[SourceVersion "1"]
[SourceVersionDate "2013.02.25"]
[SourceQuality "1"]

1. Nf3 g6 2. c4 Bg7 3. d4 c5 4. d5 d6 5. e4 Nf6 6. Nc3 O-O 7. Be2 e6 8. O-O exd5 9. cxd5 Bg4 10. Bg5 h6 11. Bh4 a6 12. h3 Bxf3 13. Bxf3 Nbd7 14. Re1 b5 15. Qc2 Qb6 16. Rad1 Rfe8 17. g4 Ne5 18. Bg2 c4 19. Re3 Nfd7 20. Ne2 Nd3 21. b3 N7e5 22. Qd2 g5 23. Bg3 Rac8 24. Nc1 c3 25. Qc2 Nxc1 26. Rxc1 b4 27. Bf1 Ng6 28. Qe2 Bd4 29. Rf3 Be5 30. Qxa6 Qxa6 31. Bxa6 Ra8 32. Bb5 Reb8 33. a4 bxa3 34. Ba4 Nf4 35. Bxf4 gxf4 36. Rd3 a2 0-1

[Event "Groningen op-A 50th"]
[Site "Groningen"]
[Date "2012.12.30"]
[Round "9"]
[White "Theulings, Paul Peter"]
[Black "Piasetski, Leon"]
[Result "0-1"]
[WhiteElo "2105"]
[BlackElo "2310"]
[PlyCount "66"]
[GameId "1166656475951104"]
[EventDate "2012.12.21"]
[EventType "swiss"]
[EventRounds "9"]
[EventCountry "NED"]
[SourceTitle "CBM 152 Extra"]
[Source "ChessBase"]
[SourceDate "2013.02.25"]
[SourceVersion "1"]
[SourceVersionDate "2013.02.25"]
[SourceQuality "1"]

1. Nf3 f5 2. c4 Nf6 3. g3 g6 4. b4 Bg7 5. Bb2 O-O 6. Bg2 d6 7. d4 e6 8. O-O Nc6 9. b5 Ne7 10. a4 h6 11. Qc2 g5 12. Nbd2 f4 13. gxf4 g4 14. Ne1 Nf5 15. e3 h5 16. Ne4 h4 17. Nxf6+ Qxf6 18. Ra3 a6 19. Nd3 Qg6 20. d5 h3 21. Be4 Nxe3 22. Bxg6 Nxc2 23. Ra2 Nd4 24. Be4 Ne2+ 25. Kh1 Bxb2 26. Rxb2 Nc3 27. f3 exd5 28. cxd5 gxf3 29. Bxf3 Bf5 30. Rc2 Nxa4 31. Rg1+ Kh8 32. Rxc7 Bxd3 33. Rg4 Rfc8 0-1